000 00525nmm a2200169Ia 4500
008 251105s9999||||xx |||||||||||||||||und||
020 _a9788413053080
041 _aspa
100 _aMartos Rubio, Ana
245 0 _aLos 7 Borgia :
_b Una historia de ambición, refinamiento y perversidad
264 _a[Madrid, España] :
_bEdiciones Nowtilus,
_c2022
300 _a424 páginas
490 _aHistoria Incógnita
650 _aHistory (General)
856 _uhttps://public.digitaliapublishing.com/a/171991
942 _cCF
999 _c76374
_d76374